000
00278nam a22000977a 4500
999
_c
515678
_d
515678
082
_a
TNC O91x54 K166
100
_a
Kaur, Kuldip
_9
21404
245
_a
Promotion of small family Norms through innovative methods
_c
by Kuldip Kaur
260
_a
Chandigarh
_b
CRRID
_c
1997
300
_a
198p.